Riadenie elektrizačnej sústavy pomocou neuroevolúcie

Gespeichert in:
Bibliographische Detailangaben
1. Verfasser: Hasprún, Lukáš (Verfasst von)
Weitere Verfasser: Sekaj, Ivan (Betreuung Doktorarbeit)
Format: Manuskript Buch
Sprache:Slowakisch
Veröffentlicht: Bratislava : STU v Bratislave FEI, 2024
Schlagworte:
Online-Zugang:https://opac.crzp.sk/?fn=detailBiblioFormChildG1MFQI&sid=AA0D9432EF6DE826C3111F4F11D3&seo=CRZP-detail-kniha
Tags: Tag hinzufügen
Keine Tags, Fügen Sie das erste Tag hinzu!

MARC

LEADER 00000ntm a22000003a 4500
001 stuzp96628
003 SK-STU
005 20250429134151.2
007 ta
008 150427s2015----xo-----f-mn---000-0-slo-d
040 |a STU  |b slo 
041 0 |a slo 
044 |a xo 
100 1 |a Hasprún, Lukáš  |u 031000  |4 aut  |U FEI Fakulta elektrotechniky a informatiky  |T FEI Ústav robotiky a kybernetiky  |X 92747  |U E011  |Y 356  |7 92747 
242 0 1 |a Power System Control using Neuroevolution  |y eng 
245 1 0 |a Riadenie elektrizačnej sústavy pomocou neuroevolúcie 
260 |a Bratislava :  |b STU v Bratislave FEI,  |c 2024 
300 |a 88 s. 
650 4 |a neuroevolúcia  |2 slo 
650 4 |a elektrizačná sústava  |2 slo 
650 4 |a aktivačná funkcia  |2 slo 
650 4 |a neurón  |2 slo 
650 4 |a neuroregulátor  |2 slo 
650 4 |a robustný regulátor  |2 slo 
650 4 |a turbína  |2 slo 
650 4 |a generátor  |2 slo 
650 4 |a power control  |2 eng 
650 4 |a neuroevolution  |2 eng 
650 4 |a activation function  |2 eng 
650 4 |a neuron  |2 eng 
650 4 |a neurocontroller  |2 eng 
650 4 |a robust controller  |2 eng 
650 4 |a turbine  |2 eng 
650 4 |a generator  |2 eng 
700 1 |a Sekaj, Ivan  |u 031000  |k Z1  |4 ths  |U FEI Fakulta elektrotechniky a informatiky  |T FEI Ústav robotiky a kybernetiky  |X 4946  |U E011  |Y 356  |7 A000004946 
856 4 |u https://opac.crzp.sk/?fn=detailBiblioFormChildG1MFQI&sid=AA0D9432EF6DE826C3111F4F11D3&seo=CRZP-detail-kniha